Powiaty w Polsce - Statystyki

Ogólne statystyki
  • Ten quiz został rozwiązany 50 razy
  • Średni wynik to 71 z 380
Statystyki odpowiedzi
Województwo Samochodowe tablice rej. Siedziba władz powiatu Powiat / miasto na pr. pow. % Poprawnych
Małopolskie KR (KK na motocykle, ciągniki i motorowery) miasto na prawach powiatu Kraków
42%
Podlaskie BI miasto na prawach powiatu Białystok
38%
Kujawsko-pomorskie CB miasto na prawach powiatu Bydgoszcz
38%
Podlaskie BAU Augustów Powiat augustowski
36%
Pomorskie GD miasto na prawach powiatu Gdańsk
33%
Śląskie SK miasto na prawach powiatu Katowice
31%
Świętokrzyskie TK miasto na prawach powiatu Kielce
31%
Łódzkie EL (ED na motocykle, ciągniki i motorowery) miasto na prawach powiatu Łódź
31%
Lubelskie LU miasto na prawach powiatu Lublin
31%
Łódzkie EBE Bełchatów Powiat bełchatowski
31%
Śląskie SG miasto na prawach powiatu Gliwice
29%
Kujawsko-pomorskie CAL Aleksandrów Kujawski Powiat aleksandrowski
29%
Mazowieckie WA-B, WD-F, WH-K, WN, WT, WU, WW-X miasto na prawach powiatu Warszawa
29%
Pomorskie GA miasto na prawach powiatu Gdynia
27%
Warmińsko-mazurskie NBA Bartoszyce Powiat bartoszycki
27%
Śląskie SBE Będzin Powiat będziński
27%
Mazowieckie WBR Białobrzegi Powiat białobrzeski
27%
Podlaskie BIA Białystok Powiat białostocki
27%
Śląskie SCZ Częstochowa Powiat częstochowski
27%
Wielkopolskie PKA Kalisz Powiat kaliski
27%
Wielkopolskie PKN Konin Powiat koniński
27%
Wielkopolskie PO (PY na motocykle, ciągniki i motorowery) miasto na prawach powiatu Poznań
27%
Dolnośląskie DW (DX na motocykle, ciągniki i motorowery) miasto na prawach powiatu Wrocław
27%
Śląskie SC miasto na prawach powiatu Częstochowa
24%
Lubuskie FG miasto na prawach powiatu Gorzów Wielkopolski
24%
Kujawsko-pomorskie CG miasto na prawach powiatu Grudziądz
24%
Wielkopolskie PKO, PN miasto na prawach powiatu Konin
24%
Warmińsko-mazurskie NO miasto na prawach powiatu Olsztyn
24%
Zachodniopomorskie ZBI Białogard Powiat białogardzki
24%
Lubelskie LCH Chełm Powiat chełmski
24%
Wielkopolskie PCH Chodzież Powiat chodzieski
24%
Pomorskie GCH Chojnice Powiat chojnicki
24%
Małopolskie KCH Chrzanów Powiat chrzanowski
24%
Mazowieckie WCI Ciechanów Powiat ciechanowski
24%
Śląskie SCI Cieszyn Powiat cieszyński
24%
Pomorskie GCZ Człuchów Powiat człuchowski
24%
Podkarpackie RDE Dębica Powiat dębicki
24%
Warmińsko-mazurskie NDZ Działdowo Powiat działdowski
24%
Warmińsko-mazurskie NEB Elbląg Powiat elbląski
24%
Warmińsko-mazurskie NGI Giżycko Powiat giżycki
24%
Śląskie SGL Gliwice Powiat gliwicki
24%
Dolnośląskie DGL Głogów Powiat głogowski
24%
Wielkopolskie PGS Gostyń Powiat gostyński
24%
Dolnośląskie DJE Jelenia Góra Powiat jeleniogórski
24%
Wielkopolskie PKS Kościan Powiat kościański
24%
Mazowieckie WR miasto na prawach powiatu Radom
24%
Kujawsko-pomorskie CT miasto na prawach powiatu Toruń
24%
Lubelskie LB miasto na prawach powiatu Biała Podlaska
22%
Śląskie SB miasto na prawach powiatu Bielsko-Biała
22%
Śląskie SY miasto na prawach powiatu Bytom
22%
Warmińsko-mazurskie NE miasto na prawach powiatu Elbląg
22%
Śląskie SJ miasto na prawach powiatu Jaworzno
22%
Dolnośląskie DJ miasto na prawach powiatu Jelenia Góra
22%
Zachodniopomorskie ZK miasto na prawach powiatu Koszalin
22%
Małopolskie KN miasto na prawach powiatu Nowy Sącz
22%
Opolskie OP miasto na prawach powiatu Opole
22%
Mazowieckie WP miasto na prawach powiatu Płock
22%
Śląskie SBI Bielsko-Biała Powiat bielski
22%
Podlaskie BBI Bielsk Podlaski Powiat bielski
22%
Lubelskie LBL Biłgoraj Powiat biłgorajski
22%
Dolnośląskie DBL Bolesławiec Powiat bolesławiecki
22%
Kujawsko-pomorskie CBR Brodnica Powiat brodnicki
22%
Małopolskie KBR Brzesko Powiat brzeski
22%
Opolskie OB Brzeg Powiat brzeski
22%
Kujawsko-pomorskie CBY Bydgoszcz Powiat bydgoski
22%
Pomorskie GBY Bytów Powiat bytowski
22%
Zachodniopomorskie ZDR Drawsko Pomorskie Powiat drawski
22%
Warmińsko-mazurskie NEL Ełk Powiat ełcki
22%
Mazowieckie WG Garwolin Powiat garwoliński
22%
Opolskie OGL Głubczyce Powiat głubczycki
22%
Warmińsko-mazurskie NGO Gołdap Powiat gołdapski
22%
Małopolskie KGR Gorlice Powiat gorlicki
22%
Lubuskie FGW Gorzów Wielkopolski Powiat gorzowski
22%
Mazowieckie WGS Gostynin Powiat gostyniński
22%
Mazowieckie WGR Grójec Powiat grójecki
22%
Kujawsko-pomorskie CGR Grudziądz Powiat grudziądzki
22%
Zachodniopomorskie ZGY Gryfice Powiat gryficki
22%
Zachodniopomorskie ZGR Gryfino Powiat gryfiński
22%
Lubelskie LHR Hrubieszów Powiat hrubieszowski
22%
Warmińsko-mazurskie NIL Iława Powiat iławski
22%
Kujawsko-pomorskie CIN Inowrocław Powiat inowrocławski
22%
Lubelskie LJA Janów Lubelski Powiat janowski
22%
Wielkopolskie PJA Jarocin Powiat jarociński
22%
Podkarpackie RJA Jarosław Powiat jarosławski
22%
Dolnośląskie DJA Jawor Powiat jaworski
22%
Świętokrzyskie TJE Jędrzejów Powiat jędrzejowski
22%
Warmińsko-mazurskie NKE Kętrzyn Powiat kętrzyński
22%
Świętokrzyskie TKI Kielce Powiat kielecki
22%
Dolnośląskie DKL Kłodzko Powiat kłodzki
22%
Opolskie OKL Kluczbork Powiat kluczborski
22%
Zachodniopomorskie ZKL Kołobrzeg Powiat kołobrzeski
22%
Małopolskie KRA (dawniej) KRK (obecnie) Kraków Powiat krakowski
22%
Lubelskie LUB Lublin Powiat lubelski
22%
Dolnośląskie DLU Lubin Powiat lubiński
22%
Śląskie SMY Myszków Powiat myszkowski
22%
Wielkopolskie POS Ostrów Wielkopolski Powiat ostrowski
22%
Mazowieckie WOR Ostrów Mazowiecka Powiat ostrowski
22%
Śląskie SRC Racibórz Powiat raciborski
22%
Śląskie SR miasto na prawach powiatu Rybnik
22%
Podkarpackie RZ miasto na prawach powiatu Rzeszów
22%
Śląskie SO miasto na prawach powiatu Sosnowiec
22%
Zachodniopomorskie ZS (dawniej) ZZ (obecnie) miasto na prawach powiatu Szczecin
22%
Małopolskie KT miasto na prawach powiatu Tarnów
22%
Śląskie SH miasto na prawach powiatu Chorzów
20%
Śląskie SD miasto na prawach powiatu Dąbrowa Górnicza
20%
Wielkopolskie PK (dawniej) PA (obecnie) miasto na prawach powiatu Kalisz
20%
Dolnośląskie DL miasto na prawach powiatu Legnica
20%
Wielkopolskie PL miasto na prawach powiatu Leszno
20%
Podlaskie BL miasto na prawach powiatu Łomża
20%
Łódzkie EP miasto na prawach powiatu Piotrków Trybunalski
20%
Małopolskie KBC (dawniej) KBA (obecnie) Bochnia Powiat bocheński
20%
Warmińsko-mazurskie NBR Braniewo Powiat braniewski
20%
Podkarpackie RBR Brzozów Powiat brzozowski
20%
Dolnośląskie DDZ Dzierżoniów Powiat dzierżoniowski
20%
Wielkopolskie PGN Gniezno Powiat gnieźnieński
20%
Zachodniopomorskie ZGL Goleniów Powiat goleniowski
20%
Podlaskie BGR Grajewo Powiat grajewski
20%
Mazowieckie WGM Grodzisk Mazowiecki Powiat grodziski
20%
Wielkopolskie PGO Grodzisk Wielkopolski Powiat grodziski
20%
Podlaskie BHA Hajnówka Powiat hajnowski
20%
Pomorskie GKA Kartuzy Powiat kartuski
20%
Śląskie SKL Kłobuck Powiat kłobucki
20%
Podkarpackie RKL Kolbuszowa Powiat kolbuszowski
20%
Wielkopolskie PKL Koło Powiat kolski
20%
Zachodniopomorskie ZKO Koszalin Powiat koszaliński
20%
Mazowieckie WKZ Kozienice Powiat kozienicki
20%
Opolskie OKR Krapkowice Powiat krapkowicki
20%
Wielkopolskie PKR Krotoszyn Powiat krotoszyński
20%
Podkarpackie RLA Łańcut Powiat łańcucki
20%
Łódzkie ELE Łęczyca Powiat łęczycki
20%
Małopolskie KMI Miechów Powiat miechowski
20%
Śląskie SMI Mikołów Powiat mikołowski
20%
Mazowieckie WM Mińsk Mazowiecki Powiat miński
20%
Warmińsko-mazurskie NOL Olsztyn Powiat olsztyński
20%
Lubelskie LOP Opole Lubelskie Powiat opolski
20%
Opolskie OPO Opole Powiat opolski
20%
Mazowieckie WOS Ostrołęka Powiat ostrołęcki
20%
Świętokrzyskie TOS Ostrowiec Świętokrzyski Powiat ostrowiecki
20%
Zachodniopomorskie ZPL Police Powiat policki
20%
Wielkopolskie PZ (POZ dla motocykli) Poznań Powiat poznański
20%
Mazowieckie WPR (dawniej) WPS (obecnie) Pruszków Powiat pruszkowski
20%
Wielkopolskie PRA Rawicz Powiat rawicki
20%
Śląskie SRB Rybnik Powiat rybnicki
20%
Podkarpackie RZE Rzeszów Powiat rzeszowski
20%
Wielkopolskie PSE Śrem Powiat śremski
20%
Wielkopolskie PWA Wągrowiec Powiat wągrowiecki
20%
Wielkopolskie PWL Wolsztyn Powiat wolsztyński
20%
Dolnośląskie DWR Wrocław Powiat wrocławski
20%
Dolnośląskie DZG Zgorzelec Powiat zgorzelecki
20%
Wielkopolskie PZL Złotów Powiat złotowski
20%
Mazowieckie WZY Żyrardów Powiat żyrardowski
20%
Śląskie SL (SRS na motorowery) miasto na prawach powiatu Ruda Śląska
20%
Pomorskie GS miasto na prawach powiatu Słupsk
20%
Kujawsko-pomorskie CW miasto na prawach powiatu Włocławek
20%
Lubuskie FZ miasto na prawach powiatu Zielona Góra
20%
Lubelskie LC miasto na prawach powiatu Chełm
18%
Śląskie SJZ miasto na prawach powiatu Jastrzębie-Zdrój
18%
Podkarpackie RK miasto na prawach powiatu Krosno
18%
Mazowieckie WO miasto na prawach powiatu Ostrołęka
18%
Łódzkie EBR Brzeziny Powiat brzeziński
18%
Świętokrzyskie TBU Busko-Zdrój Powiat buski
18%
Kujawsko-pomorskie CCH Chełmno Powiat chełmiński
18%
Wielkopolskie PCT Czarnków Powiat czarnkowsko-trzcianecki
18%
Małopolskie KDA Dąbrowa Tarnowska Powiat dąbrowski
18%
Podkarpackie RJS Jasło Powiat jasielski
18%
Dolnośląskie DKA Kamienna Góra Powiat kamiennogórski
18%
Zachodniopomorskie ZKA Kamień Pomorski Powiat kamieński
18%
Lubelskie LKR Kraśnik Powiat kraśnicki
18%
Lubelskie LKS Krasnystaw Powiat krasnostawski
18%
Łódzkie ELA Łask Powiat łaski
18%
Mazowieckie WL Legionowo Powiat legionowski
18%
Dolnośląskie DLE Legnica Powiat legnicki
18%
Podkarpackie RLE Leżajsk Powiat leżajski
18%
Warmińsko-mazurskie NLI Lidzbark Warmiński Powiat lidzbarski
18%
Małopolskie KLI Limanowa Powiat limanowski
18%
Mazowieckie WLI Lipsko Powiat lipski
18%
Zachodniopomorskie ZLO Łobez Powiat łobeski
18%
Mazowieckie WLS Łosice Powiat łosicki
18%
Łódzkie ELC Łowicz Powiat łowicki
18%
Podkarpackie RLU Lubaczów Powiat lubaczowski
18%
Dolnośląskie DLB Lubań Powiat lubański
18%
Lubelskie LLB Lubartów Powiat lubartowski
18%
Śląskie SLU Lubliniec Powiat lubliniecki
18%
Lubelskie LLU Łuków Powiat łukowski
18%
Mazowieckie WMA Maków Mazowiecki Powiat makowski
18%
Pomorskie GMB Malbork Powiat malborski
18%
Wielkopolskie PMI Międzychód Powiat międzychodzki
18%
Lubuskie FMI Międzyrzecz Powiat międzyrzecki
18%
Podkarpakie RMI Mielec Powiat mielecki
18%
Mazowieckie WML Mława Powiat mławski
18%
Warmińsko-mazurskie NMR Mrągowo Powiat mrągowski
18%
Małopolskie KMY Myślenice Powiat myślenicki
18%
Opolskie ONA Namysłów Powiat namysłowski
18%
Warmińsko-mazurskie NNI Nidzica Powiat nidzicki
18%
Pomorskie GND Nowy Dwór Gdański Powiat nowodworski
18%
Mazowieckie WND Nowy Dwór Mazowiecki Powiat nowodworski
18%
Małopolskie KNS Nowy Sącz Powiat nowosądecki
18%
Lubuskie FNW Nowa Sól Powiat nowosolski
18%
Małopolskie KNT Nowy Targ Powiat nowotarski
18%
Wielkopolskie PNT Nowy Tomyśl Powiat nowotomyski
18%
Opolskie ONY Nysa Powiat nyski
18%
Wielkopolskie POB Oborniki Powiat obornicki
18%
Dolnośląskie DOA Oława Powiat oławski
18%
Warmińsko-mazurskie NOE Olecko Powiat olecki
18%
Dolnośląskie DOL Oleśnica Powiat oleśnicki
18%
Małopolskie KOL Olkusz Powiat olkuski
18%
Świętokrzyskie TOP Opatów Powiat opatowski
18%
Warmińsko-mazurskie NOS Ostróda Powiat ostródzki
18%
Wielkopolskie POT Ostrzeszów Powiat ostrzeszowski
18%
Małopolskie KOS Oświęcim Powiat oświęcimski
18%
Mazowieckie WOT Otwock Powiat otwocki
18%
Łódzkie EPA Pabianice Powiat pabianicki
18%
Lubelskie LPA Parczew Powiat parczewski
18%
Wielkopolskie PP Piła Powiat pilski
18%
Świętokrzyskie TPI Pińczów Powiat pińczowski
18%
Łódzkie EPI Piotrków Trybunalski Powiat piotrkowski
18%
Wielkopolskie PPL Pleszew Powiat pleszewski
18%
Mazowieckie WPL Płock Powiat płocki
18%
Mazowieckie WPN Płońsk Powiat płoński
18%
Opolskie OPR Prudnik Powiat prudnicki
18%
Podkarpackie RPR Przemyśl Powiat przemyski
18%
Podkarpackie RPZ Przeworsk Powiat przeworski
18%
Pomorskie GPU Puck Powiat pucki
18%
Lubelskie LPU Puławy Powiat puławski
18%
Mazowieckie WPU Pułtusk Powiat pułtuski
18%
Zachodniopomorskie ZPY Pyrzyce Powiat pyrzycki
18%
Mazowieckie WRA Radom Powiat radomski
18%
Kujawsko-pomorskie CRA Radziejów Powiat radziejowski
18%
Lubelskie LRA Radzyń Podlaski Powiat radzyński
18%
Łódzkie ERW Rawa Mazowiecka Powiat rawski
18%
Lubelskie LRY Ryki Powiat rycki
18%
Kujawsko-pomorskie CRY Rypin Powiat rypiński
18%
Świętokrzyskie TSA Sandomierz Powiat sandomierski
18%
Podkarpackie RSA Sanok Powiat sanocki
18%
Pomorskie GSL Słupsk Powiat słupski
18%
Małopolskie KTA Tarnów Powiat tarnowski
18%
Małopolskie KWA Wadowice Powiat wadowicki
18%
Dolnośląskie DBA Wałbrzych Powiat wałbrzyski
18%
Łódzkie EWI Wieluń Powiat wieluński
18%
Śląskie SWD (dawniej) SWZ (obecnie) Wodzisław Śląski Powiat wodzisławski
18%
Mazowieckie WWL Wołomin Powiat wołomiński
18%
Lubuskie FWS Wschowa Powiat wschowski
18%
Lubuskie FZG Żagań Powiat żagański
18%
Lubelskie LZA Zamość Powiat zamojski
18%
Lubuskie FZA Żary Powiat żarski
18%
Lubuskie FZI Zielona Góra Powiat zielonogórski
18%
Dolnośląskie DZL Złotoryja Powiat złotoryjski
18%
Kujawsko-pomorskie CZN Żnin Powiat żniński
18%
Mazowieckie WZU Żuromin Powiat żuromiński
18%
Mazowieckie WZW Zwoleń Powiat zwoleński
18%
Śląskie SZY Żywiec Powiat żywiecki
18%
Pomorskie GSP miasto na prawach powiatu Sopot
18%
Śląskie SZ miasto na prawach powiatu Zabrze
18%
Śląskie SM miasto na prawach powiatu Mysłowice
16%
Śląskie SPI miasto na prawach powiatu Piekary Śląskie
16%
Lubelskie LBI Biała Podlaska Powiat bialski
16%
Zachodniopomorskie ZCH Choszczno Powiat choszczeński
16%
Pomorskie GDA Pruszcz Gdański Powiat gdański
16%
Kujawsko-pomorskie CGD Golub-Dobrzyń Powiat golubsko-dobrzyński
16%
Wielkopolskie PKE Kępno Powiat kępiński
16%
Podkarpackie RKR Krosno Powiat krośnieński
16%
Lubuskie FKR Krosno Odrzańskie Powiat krośnieński
16%
Łódzkie EKU Kutno Powiat kutnowski
16%
Pomorskie GLE Lębork Powiat lęborski
16%
Podkarpackie RLS Lesko Powiat leski
16%
Wielkopolskie PLE Leszno Powiat leszczyński
16%
Kujawsko-pomorskie CLI Lipno Powiat lipnowski
16%
Podlaskie BLM Łomża Powiat łomżyński
16%
Dolnośląkie DMI Milicz Powiat milicki
16%
Warmińsko-mazurskie NNM Nowe Miasto Lubawskie Powiat nowomiejski
16%
Warmińsko-mazurskie NPI Pisz Powiat piski
16%
Dolnośląskie DPL Polkowice Powiat polkowicki
16%
Małopolskie KPR Proszowice Powiat proszowicki
16%
Mazowieckie WPY Przysucha Powiat przysuski
16%
Śląskie SPS Pszczyna Powiat pszczyński
16%
Łódzkie ESI Sieradz Powiat sieradzki
16%
Łódzkie ESK Skierniewice Powiat skierniewicki
16%
Lubuskie FSL Słubice Powiat słubicki
16%
Wielkopolskie PSL Słupca Powiat słupecki
16%
Mazowieckie WSC Sochaczew Powiat sochaczewski
16%
Mazowieckie WSK Sokołów Podlaski Powiat sokołowski
16%
Podlaskie BSK Sokółka Powiat sokolski
16%
Świętokrzyskie TST Starachowice Powiat starachowicki
16%
Zachodniopomorskie ZST Stargard Powiat stargardzki
16%
Pomorskie GST Starogard Gdański Powiat starogardzki
16%
Świętokrzyskie TSZ Staszów Powiat staszowski
16%
Opolskie OST Strzelce Opolskie Powiat strzelecki
16%
Dolnośląskie DST Strzelin Powiat strzeliński
16%
Podkarpackie RSR Strzyżów Powiat strzyżowski
16%
Lubuskie FSU Sulęcin Powiat sulęciński
16%
Podlaskie BSU Suwałki Powiat suwalski
16%
Lubelskie LSW Świdnik Powiat świdnicki
16%
Dolnośląskie DSW Świdnica Powiat świdnicki
16%
Lubuskie FSW Świebodzin Powiat świebodziński
16%
Kujawsko-pomorskie CSW Świecie Powiat świecki
16%
Wielkopolskie PSZ Szamotuły Powiat szamotulski
16%
Pomorskie GSZ Sztum Powiat sztumski
16%
Mazowieckie WSZ Szydłowiec Powiat szydłowiecki
16%
Podkarpackie RTA Tarnobrzeg Powiat tarnobrzeski
16%
Pomorskie GTC Tczew Powiat tczewski
16%
Łódzkie ETM Tomaszów Mazowiecki Powiat tomaszowski
16%
Lubelskie LTM Tomaszów Lubelski Powiat tomaszowski
16%
Kujawsko-pomorskie CTR Toruń Powiat toruński
16%
Dolnośląskie DTR Trzebnica Powiat trzebnicki
16%
Kujawsko-pomorskie CTU Tuchola Powiat tucholski
16%
Wielkopolskie PTU Turek Powiat turecki
16%
Zachodniopomorskie ZWA Wałcz Powiat wałecki
16%
Warmińsko-mazurskie NWE Węgorzewo Powiat węgorzewski
16%
Mazowieckie WWE Węgrów Powiat węgrowski
16%
Pomorskie GWE Wejherowo Powiat wejherowski
16%
Małopolskie KWI Wieliczka Powiat wielicki
16%
Łódzkie EWE Wieruszów Powiat wieruszowski
16%
Kujawsko-pomorskie CWL Włocławek Powiat włocławski
16%
Lubelskie LWL Włodawa Powiat włodawski
16%
Świętokrzyskie TLW Włoszczowa Powiat włoszczowski
16%
Dolnośląskie DWL Wołów Powiat wołowski
16%
Podlaskie BWM Wysokie Mazowieckie Powiat wysokomazowiecki
16%
Mazowieckie WWY Wyszków Powiat wyszkowski
16%
Dolnośląskie DZA Ząbkowice Śląskie Powiat ząbkowicki
16%
Podlaskie BZA Zambrów Powiat zambrowski
16%
Łódzkie EZD Zduńska Wola Powiat zduńskowolski
16%
Podkarpackie RP miasto na prawach powiatu Przemyśl
16%
Śląskie SI miasto na prawach powiatu Siemianowice Śląskie
16%
Łódzkie ES miasto na prawach powiatu Skierniewice
16%
Podlaskie BS miasto na prawach powiatu Suwałki
16%
Podkarpackie RT miasto na prawach powiatu Tarnobrzeg
16%
Śląskie ST miasto na prawach powiatu Tychy
16%
Lubelskie LZ miasto na prawach powiatu Zamość
16%
Podkarpackie RBI Ustrzyki Dolne Powiat bieszczadzki
13%
Dolnośląskie DGR Góra Powiat górowski
13%
Świętokrzyskie TKA Kazimierza Wielka Powiat kazimierski
13%
Świętokrzyskie TKN Końskie Powiat konecki
13%
Pomorskie GKS Kościerzyna Powiat kościerski
13%
Lubelskie LLE Łęczna Powiat łęczyński
13%
Dolnośląskie DLW Lwówek Śląski Powiat lwówecki
13%
Kujawsko-pomorskie CMG Mogilno Powiat mogileński
13%
Zachodniopomorskie ZMY Myślibórz Powiat myśliborski
13%
Kujawsko-pomorskie CNA Nakło nad Notecią Powiat nakielski
13%
Łódzkie LPD Poddębice Powiat poddębicki
13%
Mazowieckie WPZ Przasnysz Powiat przasnyski
13%
Podkarpackie RRS Ropczyce Powiat ropczycko-sędziszowski
13%
Mazowieckie WSI Siedlce Powiat siedlecki
13%
Podlaskie BSI Siemiatycze Powiat siemiatycki
13%
Świętokrzyskie TSK Skarżysko-Kamienna Powiat skarżyski
13%
Zachodniopomorskie ZSL Sławno Powiat sławieński
13%
Wielkopolskie PSR Środa Wielkopolska Powiat średzki
13%
Dolnośląskie DSR Środa Śląska Powiat średzki
13%
Zachodniopomorskie ZSD Świdwin Powiat świdwiński
13%
Małopolskie KTT Zakopane Powiat tatrzański
13%
Kujawsko-pomorskie CWA Wąbrzeźno Powiat wąbrzeski
13%
Wielkopolskie PWR Września Powiat wrzesiński
13%
Śląskie SZA Zawiercie Powiat zawierciański
13%
Mazowieckie WS miasto na prawach powiatu Siedlce
13%
Dolnośląskie DB miasto na prawach powiatu Wałbrzych
13%
Śląskie SBL Bieruń Powiat bieruńsko-lędziński
11%
Opolskie OK Kędzierzyn-Koźle Powiat kędzierzyńsko-kozielski
11%
Podlaskie BKL Kolno Powiat kolneński
11%
Pomorskie GKW Kwizdyn Powiat kwizdyński
11%
Łódzkie ELW Łódź Powiat łódzki wschodni
11%
Podlaskie BMN Mońki Powiat moniecki
11%
Podkarpackie RNI Nisko Powiat niżański
11%
Opolskie OOL Olesno Powiat oleski
11%
Łódzkie EOP Opoczno Powiat opoczyński
11%
Łódzkie EPJ Pajęczno Powiat pajęczański
11%
Mazowieckie WPI Piaseczno Powiat piaseczyński
11%
Łódzkie ERA Radomsko Powiat radomszczański
11%
Podlaskie BSE Sejny Powiat sejneński
11%
Kujawsko-pomorskie CSE Sępolno Krajeńskie Powiat sępoleński
11%
Mazowieckie WSE Sierpc Powiat sierpecki
11%
Podkarpackie RST Stalowa Wola Powiat stalowowolski
11%
Zachodniopomorskie ZSZ Szczecin Powiat szczecinecki
11%
Śląskie STA Tarnowskie Góry Powiat tarnogórski
11%
Śląskie SZO miasto na prawach powiatu Żory
11%
Lubuskie FSD Strzelce Krajeńskie Powiat strzelecko-drezdenecki
9%
Małopolskie KSU Sucha Beskidzka Powiat suski
9%
Warmińsko-mazurskie NSZ Szczytno Powiat szczycieński
9%
Łódzkie EZG Zgierz Powiat zgierski
9%
Śląskie SW miasto na prawach powiatu Świętochłowice
9%
Zachodniopomorskie ZSW miasto na prawach powiatu Świnoujście
9%
Mazowieckie WZ Ożarów Mazowiecki Powiat warszawski zachodni
7%
Nie znaleziono quizów pasujących do podanych kryteriów
Rozkład punktacji
Procent ludzi z każdym wynikiem
Percentyl według liczby udzielonych odpowiedzi
Twoja historia wyników
Nie rozwiązałeś tego quizu